Cleveland Browns Hardcore Fan Trivia - Statistics

General Stats
  • This quiz has been taken 42 times
  • The average score is 11 of 15
Answer Stats
Hint Answer % Correct
What year did the Browns return to Cleveland? 1999
93%
What college did Brown's Running back Nick Chubb go to? Georgia
93%
Who was the Brown's first Coach? Paul Brown
93%
Who was the last team the Browns beat in the playoffs Pittsburgh Steelers
93%
What is the Browns fanbase nicknamed? The Dawg Pound
89%
Who did the Browns take with the first pick in the 1999 NFL Draft? Tim Couch
89%
Who was the Brown's main quarterback in their first 10 seasons? Otto Graham
78%
Which Quarterback beat the browns in back-to-back AFC Championships? John Elway
70%
Which Browns player had the nickname "The Wizard of Oz" Ozzie Newsome
70%
Which Browns owner moved the team to Baltimore? Art Modell
67%
Which College Did Jim Brown Go to? Syracuse
67%
What is the name of the browns elf mascot? Brownie the Elf
59%
Which Running back was the first to break Jim Brown's rushing yard record? Walter Payton
41%
Which Browns player is responsible for "The Fumble"? Earnest Byner
37%
Which controversial coach was the Browns coach in 2018? Greg Williams
30%
No matching quizzes found
Score Distribution
Percent of People with Each Score
Percentile by Number Answered
Your Score History
You have not taken this quiz